000 00537nam a2200181 i 4500
001 35772
003 ES-MaACL
005 20250904205327.0
007 t|
008 030214s1977 sp ||||1| spa d
100 1 _aBozal, Valeriano,
_d1940-2023
_9242225
245 1 4 _aUna alternativa para la enseñanza /
_cValeriano Bozal.
260 _aMadrid :
_bCentropress,
_c[1977]
300 _a303 p. ;
_c21 cm.
651 4 _aEspaña-
_xPolítica educativa.
_9165756
852 _aES-MaACL
_jA-6768
_bR.95999
999 _c35772
_d35772